02149nam a22002297a 4500008004100000020001800041040000800059041000800067100004300075245003200118260003400150300002400184520142500208650003001633650003001663650003601693650004401729655003001773942000801803952009301811999001501904250616b |||||||| |||| 00| 0 eng d a9781835410028 ctbs aeng aThorne, Jenniferd1980-925445eauthor aDiavolac/ Jennifer Thorne. aLondon :bTitan Books,c2024. a325 pages :c20 cm. aWhite Lotus meets Hereditary in this uproarious and unsettling dissection of a dysfunctional family and their ghosts, both literal and metaphorical. Perfect for fans of Grady Hendrix and Ronald Malfi Anna only has one rule for the annual Pace family vacations: tread lightly, and survive. It isn't easy when she's the only who doesn't seem to fit in. Her twin brother Benny goes with the flow so much he's practically dissolved, and her high-strung older sister Nicole is so used to everyone-including her blandly docile husband and two young daughters-falling in line that Anna often ends up chastised for simply asking a question. Her Mom is baffled by Anna's life choices (why waste her artistic talent at an ad agency?), and her Dad-well, he just wants a little peace and quiet. The gorgeous villa outside a remote Tuscan town seems like the perfect place to endure so much family time-not to mention Benny's demanding new boyfriend, Christopher. If her family becomes too much to handle, then at least Anna can wander off to a wine tasting or lose herself in an art gallery. That is, until strange things start to happen-strange noises at night, food rotting within hours, dreams that feel more like memories. Then, the unsettling warnings from the locals: don't open the tower door. But Anna does open it. And what she releases threatens to devour her family-that is, if her family doesn't tear itself apart first. 0aFamilies vFiction922172 0aVacationsvFiction925446 0aHaunted houses vFiction925447 0aInterpersonal relationsvFiction924021 0aParanormal fiction922925 2lcc 00102lcc4070aTBSbTBSd2025-06-16l0oP-EN THOpB05880r2025-06-16t1w2025-06-16y1 c4741d4741